[Event "World Blitz 2025"]
[Site "Doha QAT"]
[Date "2025.12.29"]
[Round "13.13"]
[White "Artemiev, Vladislav"]
[Black "Keymer, Vincent"]
[Result "1/2-1/2"]
[WhiteTitle "GM"]
[BlackTitle "GM"]
[WhiteElo "2641"]
[BlackElo "2776"]
[WhiteFideId "24101605"]
[BlackFideId "12940690"]
[EventDate "2025.12.29"]

1. d4 Nf6 2. c4 e6 3. Nf3 d5 4. Nc3 c6 5. e3 Nbd7 6. Qc2 Bd6 7. Bd3 dxc4 8. Bxc4
O-O 9. O-O e5 10. h3 exd4 11. exd4 Nb6 12. Bb3 Nbd5 13. Bg5 Qa5 14. Nxd5 Nxd5
15. Rfe1 f6 16. Bd2 Qc7 17. Bxd5+ cxd5 18. Qxc7 Bxc7 19. Bb4 Rd8 20. Rac1 Bf4
21. Bd2 Bd6 22. Nh2 Kf7 23. Nf1 Be6 24. Ng3 Rac8 25. Ne2 g5 26. f3 Rc4 27. b3
Rcc8 28. Rxc8 Rxc8 29. Rc1 Rxc1+ 30. Bxc1 Bf5 31. Nc3 Ke6 32. Nb5 Bb8 33. Kf2
Bd3 34. Nc3 h6 35. Ke3 Bg6 36. Ke2 Bg3 37. Be3 a6 38. Na4 Kd7 39. Kd2 h5 40.
Nc5+ Kc6 41. Nd3 h4 42. Nf2 Kd7 43. Nd3 Bd6 44. Kc3 a5 45. a4 b6 46. Bf2 Kc6 47.
Be3 b5 48. axb5+ 1/2-1/2

[Event "World Blitz 2025"]
[Site "Doha QAT"]
[Date "2025.12.29"]
[Round "13.14"]
[White "Sarana, Alexey"]
[Black "Stribuk, Artiom"]
[Result "1-0"]
[WhiteTitle "GM"]
[BlackTitle "IM"]
[WhiteElo "2673"]
[BlackElo "2476"]
[WhiteFideId "24133795"]
[BlackFideId "13515659"]
[EventDate "2025.12.29"]

1. d4 Nf6 2. c4 c6 3. Nc3 d5 4. Nf3 e6 5. e3 Nbd7 6. Bd3 dxc4 7. Bxc4 b5 8. Bd3
Bd6 9. O-O O-O 10. Qc2 Bb7 11. e4 e5 12. Bg5 exd4 13. e5 Nxe5 14. Nxe5 Bxe5 15.
f4 Bd6 16. Ne4 Be7 17. Nxf6+ Bxf6 18. Bxh7+ Kh8 19. Rf3 Bxg5 20. fxg5 g6 21. Rh3
Kg7 22. Qf2 Qxg5 23. Qxd4+ f6 24. Bxg6 c5 25. Qd7+ 1-0

[Event "World Blitz 2025"]
[Site "Doha QAT"]
[Date "2025.12.29"]
[Round "13.16"]
[White "Martirosyan, Haik M."]
[Black "Pranav, V"]
[Result "1-0"]
[WhiteTitle "GM"]
[BlackTitle "GM"]
[WhiteElo "2625"]
[BlackElo "2641"]
[WhiteFideId "13306553"]
[BlackFideId "25060783"]
[EventDate "2025.12.29"]

1. d4 Nf6 2. Bg5 d5 3. e3 c6 4. Nd2 Bf5 5. Bxf6 gxf6 6. Ngf3 e6 7. Bd3 Bxd3 8.
cxd3 Nd7 9. O-O h5 10. g3 Bd6 11. e4 Qb6 12. Rb1 a5 13. a3 a4 14. Re1 Nf8 15.
Qc2 Ng6 16. b4 Kf8 17. h4 Rg8 18. Nf1 Kg7 19. Kh1 Qb5 20. Qe2 dxe4 21. dxe4 Qxe2
22. Rxe2 Rgd8 23. Ne3 Be7 24. Kg2 Nf8 25. Nc4 Nd7 26. Rd1 Rac8 27. Red2 Kg6 28.
Ng1 Bf8 29. Ne2 Bh6 30. Rd3 b5 31. Na5 f5 32. exf5+ Kxf5 33. Nb7 Nb6 34. Rf3+
Kg6 35. Nxd8 Rxd8 36. Rc3 Nc4 37. Rdd3 f6 38. f4 Bg7 39. Ng1 Rd6 40. Nf3 Nb6 41.
Rc2 Nd5 42. Kf2 Ne7 43. Rdc3 Kf7 44. Rc5 Kg6 45. Rc1 f5 46. Ke3 Nd5+ 47. Kd3 Ne7
48. Ne5+ Bxe5 49. fxe5 Rd8 50. Rxc6 Nxc6 51. Rxc6 Kf7 52. Rc7+ Kf8 53. Rh7 Kg8
54. Re7 Rc8 55. Rxe6 Rc1 56. Rb6 Ra1 57. Rxb5 Rxa3+ 58. Ke2 Rxg3 59. Ra5 a3 60.
b5 Rb3 61. b6 Kf7 62. b7 Rxb7 63. Rxa3 Ke6 64. Ke3 Rg7 65. Ra6+ Kd5 66. Rd6+ Kc4
67. Kf4 Rg4+ 68. Kxf5 Rxh4 69. e6 Rh1 70. e7 Rf1+ 71. Ke6 Re1+ 72. Kd7 1-0

[Event "World Blitz 2025"]
[Site "Doha QAT"]
[Date "2025.12.29"]
[Round "13.17"]
[White "Van Foreest, Jorden"]
[Black "Goutham Krishna H"]
[Result "0-1"]
[WhiteTitle "GM"]
[BlackTitle "IM"]
[WhiteElo "2692"]
[BlackElo "2433"]
[WhiteFideId "1039784"]
[BlackFideId "25983504"]
[EventDate "2025.12.29"]

1. e4 b6 2. d4 Bb7 3. Bd3 e6 4. Nf3 d5 5. e5 c5 6. c3 Ne7 7. h4 Qd7 8. h5 Ba6 9.
h6 gxh6 10. Bxh6 Bxd3 11. Qxd3 Bxh6 12. Rxh6 Nf5 13. Rh3 Nc6 14. Nbd2 O-O-O 15.
a3 Rdg8 16. g3 cxd4 17. cxd4 Rg4 18. Rc1 Kb7 19. Nb3 a6 20. Kf1 h5 21. a4 Nb4
22. Qc3 a5 23. Nbd2 Na2 24. Qc2 Nxc1 25. Qxc1 Nxd4 26. Nxd4 Rxd4 27. b3 Qc7 28.
Qxc7+ Kxc7 29. Ke2 Rb4 30. f4 Kd7 31. Kd3 h4 32. Ke3 Rg8 33. gxh4 Rg4 34. h5
Rgxf4 35. Nf3 Rxf3+ 36. Rxf3 Rxb3+ 37. Kf4 Rxf3+ 38. Kxf3 Ke7 39. h6 Kf8 40. Kg4
Kg8 41. Kg5 Kh7 42. Kf6 d4 0-1

[Event "World Blitz 2025"]
[Site "Doha QAT"]
[Date "2025.12.29"]
[Round "13.18"]
[White "Grandelius, Nils"]
[Black "Sadhwani, Raunak"]
[Result "0-1"]
[WhiteTitle "GM"]
[BlackTitle "GM"]
[WhiteElo "2664"]
[BlackElo "2638"]
[WhiteFideId "1710400"]
[BlackFideId "35093487"]
[EventDate "2025.12.29"]

1. d4 Nf6 2. c4 e6 3. Nc3 d5 4. cxd5 exd5 5. Bg5 Be7 6. e3 c6 7. Bd3 h6 8. Bf4
O-O 9. h3 Bd6 10. Nf3 Bxf4 11. exf4 Ne4 12. O-O Nd6 13. Re1 Bf5 14. Ne5 Bxd3 15.
Qxd3 Nd7 16. Re2 Re8 17. Rae1 Nf8 18. g3 a5 19. Kg2 Qc7 20. Qc2 Re7 21. f5 Nh7
22. Ng4 Rxe2 23. Rxe2 Qd8 24. b3 Nf6 25. Nxf6+ Qxf6 26. Re5 Re8 27. Qe2 Kf8 28.
g4 Qg5 29. Na4 Rxe5 30. dxe5 Nxf5 31. f4 Nh4+ 32. Kg3 Qe7 33. Nb6 Ng6 34. Nc8
Qh4+ 35. Kh2 Qxh3+ 0-1

[Event "World Blitz 2025"]
[Site "Doha QAT"]
[Date "2025.12.29"]
[Round "13.19"]
[White "Pranesh, M"]
[Black "Murzin, Volodar"]
[Result "1-0"]
[WhiteTitle "GM"]
[BlackTitle "GM"]
[WhiteElo "2627"]
[BlackElo "2648"]
[WhiteFideId "35028600"]
[BlackFideId "44155573"]
[EventDate "2025.12.29"]

1. e4 e5 2. Nf3 Nc6 3. Nc3 Nf6 4. Bb5 Bd6 5. d3 O-O 6. Ba4 Re8 7. O-O h6 8. Be3
Bf8 9. Nd5 d6 10. Nd2 Bd7 11. Nxf6+ Qxf6 12. f4 exf4 13. Rxf4 Qe7 14. Bb3 Be6
15. Rf1 Ne5 16. Qe1 a5 17. Qg3 a4 18. Bxe6 Qxe6 19. h3 Qg6 20. Qf2 b5 21. b3 c6
22. Kh1 Qe6 23. Bd4 Ra6 24. b4 Raa8 25. a3 Rac8 26. Rac1 Ng6 27. c4 Ne5 28. Rc3
Be7 29. cxb5 cxb5 30. Qg3 Rxc3 31. Bxc3 Rc8 32. d4 Qg6 33. Qxg6 Nxg6 34. Nb1 Bg5
35. g3 Ne7 36. h4 Be3 37. Kg2 Rc4 38. Rd1 Nc6 39. d5 Nb8 40. Kf3 Bb6 41. e5 dxe5
42. Bxe5 Nd7 43. Bf4 f6 44. h5 Kf7 45. Rd3 Bd4 46. Kg2 Bb2 47. Nd2 Rc2 48. Kf3
f5 49. d6 Ke6 50. Re3+ Kd5 51. Rd3+ Kc6 52. g4 fxg4+ 53. Kxg4 Rc3 54. Rxc3+ Bxc3
55. Nb1 Be5 56. Bxe5 Nxe5+ 57. Kf5 Nc4 58. Kg6 Kxd6 59. Kxg7 Ke7 60. Kxh6 Kf6
61. Kh7 Kf7 62. h6 Kf8 63. Kg6 Kg8 64. Kf5 Kh7 65. Ke6 Kxh6 66. Kd5 Kg5 67. Kc5
Kf5 68. Kxb5 Nd6+ 69. Kxa4 Ke6 70. b5 Kd5 71. Kb4 Nf5 72. Nc3+ Kd6 73. a4 Ne3
74. a5 Nc2+ 75. Kb3 Ne3 76. Kb4 Nc2+ 77. Kc4 Ne3+ 78. Kd3 Nf5 79. Ne4+ Kc7 80.
Kc4 Ng7 81. Kd5 Nh5 82. b6+ Kb7 83. Nc5+ Kb8 84. a6 Ng7 85. Nd7+ Kc8 86. b7+ 1-0

[Event "World Blitz 2025"]
[Site "Doha QAT"]
[Date "2025.12.29"]
[Round "13.20"]
[White "Amar, Elham"]
[Black "Giri, Anish"]
[Result "1-0"]
[WhiteTitle "GM"]
[BlackTitle "GM"]
[WhiteElo "2592"]
[BlackElo "2760"]
[WhiteFideId "1533533"]
[BlackFideId "24116068"]
[EventDate "2025.12.29"]

1. e4 e5 2. Nc3 Nf6 3. d4 exd4 4. Qxd4 Nc6 5. Qd3 Bb4 6. Ne2 O-O 7. Bg5 h6 8.
Bh4 Be7 9. f4 d6 10. O-O-O Nb4 11. Qd2 Nd7 12. Bxe7 Qxe7 13. a3 Na6 14. Ng3 Nac5
15. Nf5 Qd8 16. g4 Nf6 17. Bd3 Nxg4 18. Rhg1 Bxf5 19. exf5 Nxd3+ 20. cxd3 h5 21.
Qg2 Qf6 22. Nd5 Qd4 23. h3 Ne3 24. Ne7+ Kh7 25. Qg5 Qf6 26. Qxh5+ Qh6 27. Qxh6+
Kxh6 28. Rde1 1-0

[Event "World Blitz 2025"]
[Site "Doha QAT"]
[Date "2025.12.29"]
[Round "13.21"]
[White "Le, Quang Liem"]
[Black "Ponomariov, Ruslan"]
[Result "1/2-1/2"]
[WhiteTitle "GM"]
[BlackTitle "GM"]
[WhiteElo "2731"]
[BlackElo "2639"]
[WhiteFideId "12401137"]
[BlackFideId "14103320"]
[EventDate "2025.12.29"]

1. d4 Nf6 2. c4 e6 3. Nf3 d5 4. g3 Bb4+ 5. Bd2 Be7 6. Bg2 c6 7. O-O Nbd7 8. Qc2
b6 9. cxd5 cxd5 10. Rc1 O-O 11. Bf4 Ba6 12. Nc3 b5 13. a4 b4 14. Nb5 Qb6 15. Qc6
Rac8 16. Qxb6 axb6 17. Bf1 Rxc1 18. Rxc1 Bxb5 19. axb5 Ra8 20. Rc7 Kf8 21. e3
Ke8 22. Bd3 h6 23. h4 Kd8 24. Rc1 Ne8 25. e4 dxe4 26. Bxe4 Ra2 27. b3 Bd6 28.
Ne5 Nxe5 29. dxe5 Bc5 30. Rc2 Rxc2 31. Bxc2 Nc7 32. Bd3 Nd5 33. Kg2 Nxf4+ 1/2-1/2

[Event "World Blitz 2025"]
[Site "Doha QAT"]
[Date "2025.12.29"]
[Round "13.22"]
[White "Hovhannisyan, Robert"]
[Black "Indjic, Aleksandar"]
[Result "1/2-1/2"]
[WhiteTitle "GM"]
[BlackTitle "GM"]
[WhiteElo "2621"]
[BlackElo "2635"]
[WhiteFideId "13302507"]
[BlackFideId "911925"]
[EventDate "2025.12.29"]

1. e4 c5 2. Nf3 e6 3. d4 cxd4 4. Nxd4 a6 5. c4 Nf6 6. Nc3 Qc7 7. Be2 b6 8. Be3
Bb7 9. f3 Be7 10. Qd2 O-O 11. Rc1 d6 12. g4 Nfd7 13. h4 Rc8 14. g5 Nc6 15. Nd5
Qd8 16. Nxe7+ Qxe7 17. Nxc6 Rxc6 18. Kf2 e5 19. h5 Nf8 20. g6 fxg6 21. Rcg1 gxh5
22. Rxh5 g6 23. Rh2 Qf7 24. Rgh1 Rac8 25. b3 b5 26. Bh6 Ne6 27. Be3 h5 28. Rg1
Kh7 29. Rhg2 Rg8 30. cxb5 axb5 31. Bxb5 Rc7 32. Ke2 d5 33. exd5 Bxd5 34. Rg3
Nf4+ 35. Bxf4 exf4 36. Rg5 Qe7+ 37. Kf1 Bxf3 38. Bd3 Rc6 39. Qxf4 Be2+ 40. Bxe2
Rf6 41. Qxf6 Qxf6+ 42. Ke1 Re8 43. Rxg6 Qxg6 44. Rxg6 Kxg6 45. Kf2 Kg5 46. b4
Ra8 47. Bc4 Ra4 48. Bd5 Rxb4 49. Kg3 h4+ 50. Kg2 Rd4 51. Be6 Rd3 52. a4 Re3 53.
Bd7 Ra3 54. Bc6 Kf4 55. Bd7 Rd3 56. Bc8 Rd4 57. a5 Ra4 58. a6 Ra3 59. Kh2 Ra5
60. Kh3 Kg5 61. Kg2 Ra4 62. Kh3 Ra3+ 63. Kg2 Kf4 64. Kh2 Rg3 65. Bb7 Ra3 66. Bc8
Ra2+ 67. Kh3 Kg5 68. Bb7 Ra4 69. Bc8 Ra5 70. Kg2 Ra3 71. Kh2 Kf4 72. Kg2 h3+ 73.
Bxh3 Ra2+ 74. Kf1 Kf3 75. Ke1 Ke3 76. Kd1 Rxa6 77. Kc2 Rc6+ 78. Kb2 Kd2 79. Bf5
Rb6+ 80. Ka3 Kc3 81. Ka2 Ra6+ 82. Kb1 Ra5 83. Bg6 Ra7 84. Bf5 Ra8 85. Bg6 Ra5
86. Bh7 Re5 87. Bg6 Re1+ 88. Ka2 Re2+ 89. Kb1 Re6 90. Bf5 Rb6+ 91. Ka1 Kb3 92.
Bh7 Rb8 93. Bg6 Rf8 94. Be4 Rf4 1/2-1/2

[Event "World Blitz 2025"]
[Site "Doha QAT"]
[Date "2025.12.29"]
[Round "13.23"]
[White "Mamedyarov, Shakhriyar"]
[Black "Stefansson, Vignir Vatnar"]
[Result "1/2-1/2"]
[WhiteTitle "GM"]
[BlackTitle "GM"]
[WhiteElo "2730"]
[BlackElo "2519"]
[WhiteFideId "13401319"]
[BlackFideId "2308649"]
[EventDate "2025.12.29"]

1. c4 e6 2. Nc3 d5 3. d4 Nf6 4. Bg5 Be7 5. e3 h6 6. Bxf6 Bxf6 7. Rc1 c6 8. Nf3
Nd7 9. h4 b6 10. cxd5 exd5 11. Bd3 Be7 12. a3 Bb7 13. g4 Bd6 14. e4 dxe4 15.
Nxe4 Bf4 16. Rc2 O-O 17. g5 Re8 18. Re2 c5 19. gxh6 Bxh6 20. O-O Nf6 21. Rfe1
Nh5 22. Neg5 Rxe2 23. Qxe2 Nf4 24. Bh7+ Kf8 25. Qe5 Qf6 26. Be4 Qxe5 27. Nxe5
Bxe4 28. Rxe4 Bxg5 29. hxg5 Ne6 30. g6 Ng5 31. Rh4 Ke7 32. f4 f6 33. Nc6+ Kd6
34. fxg5 Kxc6 35. gxf6 gxf6 36. dxc5 Rg8 37. Rg4 Kxc5 38. Kf2 Kd5 39. Kf3 Ke5
40. Rg1 Rg7 41. a4 Kf5 42. Rd1 Kxg6 43. a5 bxa5 44. Rd5 Rb7 45. Rxa5 f5 46. Ra4
Kg5 47. b4 Rh7 48. Kg3 Rc7 49. Kf3 Rh7 50. b5 Rb7 51. Kg3 Rxb5 52. Rxa7 1/2-1/2

[Event "World Blitz 2025"]
[Site "Doha QAT"]
[Date "2025.12.29"]
[Round "13.24"]
[White "Sanal, Vahap"]
[Black "Robson, Ray"]
[Result "0-1"]
[WhiteTitle "GM"]
[BlackTitle "GM"]
[WhiteElo "2546"]
[BlackElo "2650"]
[WhiteFideId "6300545"]
[BlackFideId "2023970"]
[EventDate "2025.12.29"]

1. d4 Nf6 2. Nf3 d5 3. e3 c5 4. Bb5+ Bd7 5. Be2 Nc6 6. dxc5 e6 7. a3 a5 8. O-O
Bxc5 9. b3 O-O 10. c4 dxc4 11. Bxc4 e5 12. Bb2 Qe7 13. Nbd2 Bf5 14. Qe2 Rad8 15.
h3 h6 16. Rfd1 e4 17. Nh2 Ne5 18. Ndf1 Bg6 19. Ng3 b6 20. a4 h5 21. Rxd8 Rxd8
22. Rd1 Re8 23. Bb5 Rc8 24. Ba6 Ra8 25. Bb5 h4 26. Bxe5 Qxe5 27. Ngf1 Bd6 28.
Qd2 Rd8 29. Qd4 Qe7 30. Qa1 Bh5 31. Rd2 Bxh2+ 32. Kxh2 0-1

[Event "World Blitz 2025"]
[Site "Doha QAT"]
[Date "2025.12.29"]
[Round "13.25"]
[White "Erdogmus, Yagiz Kaan"]
[Black "Pichot, Alan"]
[Result "0-1"]
[WhiteTitle "GM"]
[BlackTitle "GM"]
[WhiteElo "2658"]
[BlackElo "2597"]
[WhiteFideId "44599790"]
[BlackFideId "110973"]
[EventDate "2025.12.29"]

1. e4 e5 2. Nf3 Nc6 3. Bb5 a6 4. Bxc6 dxc6 5. O-O Qf6 6. d4 exd4 7. Bg5 Qd6 8.
Nxd4 Be7 9. Be3 Nh6 10. Qd2 c5 11. Ne2 b6 12. Nbc3 Bb7 13. Qxd6 Bxd6 14. f3
O-O-O 15. Rad1 Rhe8 16. g4 Ng8 17. Bf4 Bf8 18. h4 Ne7 19. h5 Nc6 20. Nd5 Ne5 21.
Nec3 Bd6 22. Kg2 Nc4 23. Bxd6 Rxd6 24. b3 Bxd5 25. Nxd5 Rxd5 26. bxc4 Rd4 27.
Rxd4 cxd4 28. Rd1 Rd8 29. f4 Kb7 30. Kf3 Kc6 31. e5 Kc5 32. Ke4 Kxc4 33. f5 c5
34. g5 Kc3 35. f6 gxf6 36. exf6 Kxc2 37. Rd3 Re8+ 0-1

[Event "World Blitz 2025"]
[Site "Doha QAT"]
[Date "2025.12.29"]
[Round "13.26"]
[White "Rapport, Richard"]
[Black "Mendonca, Leon Luke"]
[Result "1-0"]
[WhiteTitle "GM"]
[BlackTitle "GM"]
[WhiteElo "2741"]
[BlackElo "2615"]
[WhiteFideId "738590"]
[BlackFideId "35028561"]
[EventDate "2025.12.29"]

1. e4 c5 2. Nf3 d6 3. Bc4 e6 4. O-O Nf6 5. Re1 Be7 6. c3 O-O 7. Bb3 b5 8. d4 Bb7
9. Nbd2 Nbd7 10. Bc2 Qc7 11. Nf1 Rfc8 12. Bd3 b4 13. cxb4 cxd4 14. Nxd4 Qb6 15.
Nc2 Ne5 16. Ng3 Nfg4 17. Be3 Nxe3 18. Rxe3 a5 19. bxa5 Rxa5 20. b4 Raa8 21. a4
Bf6 22. a5 Qc7 23. Ra2 d5 24. Bf1 Rd8 25. a6 dxe4 26. Qb1 Bd5 27. Ra5 Ng4 28.
Rc5 Qf4 29. Re2 h5 30. Ne3 Bd4 31. Nxg4 Bxc5 32. Ne3 Bxe3 33. Rxe3 h4 34. Ne2
Qe5 35. Nc3 Rac8 36. b5 Rxc3 37. Qa1 Rdc8 38. b6 Qf6 39. b7 Rc1 40. bxc8=R+ Rxc8
41. Qxf6 gxf6 42. Re1 Kf8 43. g3 hxg3 44. fxg3 f5 45. Ra1 Ke7 46. h4 e5 47. a7
f4 48. Ra5 Ba8 49. Rxe5+ Kf6 50. gxf4 Rc7 51. Ra5 e3 52. Ra2 Rc1 53. Re2 Ra1 54.
Rxe3 Rxa7 55. Kh2 Ra4 56. Kg3 Be4 57. Be2 Bf5 58. Bf3 Rd4 59. Rb3 Rd3 60. Rb6+
Kg7 61. Kf2 Ra3 62. Rb4 Ra2+ 63. Kg3 Ra3 64. Rd4 Rc3 65. Kf2 Rc2+ 66. Kg3 Rc3
67. Kf2 Rc2+ 68. Ke3 Rc3+ 69. Ke2 Rc2+ 70. Rd2 Rc4 71. Ke3 Rc3+ 72. Kf2 Rc4 73.
Kg3 Rc3 74. Re2 Ra3 75. h5 Rc3 76. Re5 Kf6 77. Kf2 Rc2+ 78. Kg3 Rc3 79. h6 Rc8
80. Rxf5+ 1-0

[Event "World Blitz 2025"]
[Site "Doha QAT"]
[Date "2025.12.29"]
[Round "13.27"]
[White "Gukesh, D"]
[Black "Tabatabaei, M. Amin"]
[Result "1-0"]
[WhiteTitle "GM"]
[BlackTitle "GM"]
[WhiteElo "2754"]
[BlackElo "2700"]
[WhiteFideId "46616543"]
[BlackFideId "12521213"]
[EventDate "2025.12.29"]

1. e4 e5 2. Nf3 Nf6 3. d3 Nc6 4. g3 d5 5. exd5 Nxd5 6. Bg2 Bd6 7. O-O O-O 8. Nc3
Nxc3 9. bxc3 Re8 10. Re1 h6 11. d4 Bf5 12. Rb1 Rb8 13. Be3 b6 14. Nh4 Ne7 15.
Bd2 Be6 16. dxe5 Bc5 17. Ra1 Qd7 18. Qe2 Rbd8 19. Be3 Bxe3 20. Qxe3 Qa4 21. Be4
Qa5 22. Nf3 Nd5 23. Bxd5 Bxd5 24. Nd4 Bb7 25. f3 Qd5 26. Kf2 c5 27. Nb5 Qc4 28.
a4 a6 29. Na3 Qe6 30. g4 Rd5 31. Nc4 b5 32. axb5 axb5 33. Nd6 Re7 34. Nxb7 Rxb7
35. Ra8+ Kh7 36. Qe4+ g6 37. Ra6 Rd2+ 38. Ke3 Qxa6 39. Kxd2 Rd7+ 40. Ke3 Qa3 41.
Kf2 Qxc3 42. Re2 Qd4+ 43. Qxd4 Rxd4 44. e6 fxe6 45. Rxe6 Rc4 46. Re2 g5 47. Ke1
Rc3 48. Rf2 b4 49. Kd2 Kg6 50. f4 Rh3 51. f5+ Kf7 52. Re2 c4 53. Kc1 h5 54. gxh5
c3 55. Kb1 Kf6 56. Ka2 Rxh5 57. Rf2 Rh4 58. Kb3 Rf4 59. Re2 Kxf5 60. Re8 Rh4 61.
Re2 Rf4 62. Re8 Kg6 63. Rg8+ Kh6 64. Rh8+ Kg7 65. Rb8 Kg6 66. Rxb4 Rf3 67. Rg4
Kh5 68. Re4 g4 69. Re8 Kh4 70. Rh8+ Kg5 71. Kc4 Kf4 72. Kd4 Kg5 73. Rg8+ Kh4 74.
Rh8+ Kg5 75. Rh7 Kg6 76. Rh4 Kg5 77. Rh8 Kg6 78. Ke4 Rf2 79. Kd3 Rf3+ 80. Ke4
Rf2 81. Kd3 Rf3+ 82. Kd4 Kg5 83. Rg8+ Kh4 84. Rc8 Kh3 85. Rh8+ Kg2 86. Rh4 Rh3
87. Rxg4+ Kxh2 88. Rg8 Rf3 89. Rc8 Rf4+ 90. Kxc3 Kg3 91. Rc4 Rf8 92. Kd3 Kf3 93.
Rd4 Re8 94. Rd5 Re1 95. Kd4 Kf4 96. c4 Ra1 97. Kc5 Ke4 98. Rd8 1-0

[Event "World Blitz 2025"]
[Site "Doha QAT"]
[Date "2025.12.29"]
[Round "13.28"]
[White "Safarli, Eltaj"]
[Black "Gurel, Ediz"]
[Result "1/2-1/2"]
[WhiteTitle "GM"]
[BlackTitle "GM"]
[WhiteElo "2644"]
[BlackElo "2645"]
[WhiteFideId "13402129"]
[BlackFideId "44507356"]
[EventDate "2025.12.29"]

1. e4 c5 2. Nf3 e6 3. d4 cxd4 4. Nxd4 Nc6 5. Nc3 a6 6. Nxc6 bxc6 7. Bd3 d5 8.
O-O Nf6 9. Re1 Be7 10. e5 Nd7 11. Qg4 g6 12. Bh6 Rb8 13. Nd1 Bf8 14. Bxf8 Kxf8
15. c4 Kg7 16. b3 a5 17. Bc2 Ba6 18. Qf4 Qe7 19. Ne3 h5 20. Rad1 Rhd8 21. h4 a4
22. Nf1 axb3 23. axb3 Nc5 24. Re3 dxc4 25. Rxd8 Qxd8 26. bxc4 Rb2 27. Rc3 Kg8
28. Ng3 Qa5 29. Qd4 Nd7 30. Nxh5 Qxe5 31. Qxd7 Qxh5 32. Rf3 Qxf3 33. gxf3 Rxc2
34. Qd8+ Kg7 35. Qd4+ Kg8 36. c5 Bc4 37. Qd8+ Kg7 38. Qd4+ Kg8 39. Qd8+ Kg7 40.
Qd4+ Kh7 41. Qd7 Kg7 42. Qxc6 Bd5 43. Qa4 Rc4 44. Qa1+ Kg8 45. Qf6 Rxc5 46. h5
gxh5 47. Qg5+ Kf8 48. Qd8+ Kg7 1/2-1/2

[Event "World Blitz 2025"]
[Site "Doha QAT"]
[Date "2025.12.29"]
[Round "13.29"]
[White "Andreikin, Dmitry"]
[Black "Isanzhulov, Arystan"]
[Result "1/2-1/2"]
[WhiteTitle "GM"]
[BlackTitle "IM"]
[WhiteElo "2710"]
[BlackElo "2419"]
[WhiteFideId "4158814"]
[BlackFideId "13711644"]
[EventDate "2025.12.29"]

1. d4 Nf6 2. c4 d6 3. Nc3 Bf5 4. f3 e5 5. e4 exd4 6. Qxd4 Be6 7. Be3 g6 8. Nge2
Nc6 9. Qd2 Bxc4 10. O-O-O Bg7 11. Bh6 O-O 12. h4 d5 13. Bxg7 Kxg7 14. exd5 Nb4
15. Nf4 Nxa2+ 16. Nxa2 Bxa2 17. Qc3 Qd6 18. g3 c6 19. dxc6 Qxc6 20. Qxc6 bxc6
21. h5 h6 22. hxg6 fxg6 23. Rd6 Rad8 24. Rxc6 Rc8 25. Rc3 Nd5 26. Ne6+ Kf7 27.
Nxf8 Nxc3 28. bxc3 Kxf8 29. Rxh6 Rxc3+ 30. Kb2 Rxf3 31. Kxa2 Rxf1 32. Rxg6 Rf7
33. Kb3 Rg7 34. Rxg7 Kxg7 35. Kb4 Kg6 36. Ka5 Kg5 37. Ka6 Kg4 38. Kxa7 Kxg3 1/2-1/2

[Event "World Blitz 2025"]
[Site "Doha QAT"]
[Date "2025.12.29"]
[Round "13.30"]
[White "Bharath, Subramaniyam H"]
[Black "Bortnyk, Olexandr"]
[Result "1/2-1/2"]
[WhiteTitle "GM"]
[BlackTitle "GM"]
[WhiteElo "2576"]
[BlackElo "2601"]
[WhiteFideId "46634827"]
[BlackFideId "14120828"]
[EventDate "2025.12.29"]

1. e4 Nf6 2. e5 Nd5 3. d4 d6 4. Nf3 dxe5 5. Nxe5 c6 6. Bc4 Nd7 7. Nf3 N7f6 8.
O-O Bg4 9. h3 Bxf3 10. Qxf3 Nb6 11. Qd3 Nxc4 12. Qxc4 e6 13. c3 Qd5 14. Qe2 Be7
15. Nd2 O-O 16. Nc4 c5 17. Be3 Rac8 18. dxc5 Bxc5 19. Rad1 Qe4 20. Nd6 Bxd6 21.
Rxd6 Nd5 22. Rd7 Rfd8 23. Rxd8+ Rxd8 24. Rd1 Rc8 25. Rd4 Qb1+ 26. Kh2 Qxa2 27.
Qb5 Qa6 28. Rc4 Qd6+ 29. Bf4 Qd8 30. Rxc8 Qxc8 31. Be5 a6 32. Qd3 f6 33. Bg3 Qc6
34. c4 Ne7 35. b3 h5 36. Qe2 g6 37. Qb2 Kf7 38. Bf4 g5 39. Be3 Qd6+ 40. Kg1 Qd1+
41. Kh2 Nf5 42. Ba7 g4 43. hxg4 hxg4 44. Qc3 Qd6+ 45. Kg1 Qd1+ 46. Kh2 Qd6+ 47.
Kg1 g3 48. fxg3 Qxg3 49. Qb4 Qc7 50. Bf2 Qc6 51. Qd2 Qd6 52. Qe2 Qf4 53. Qh5+
Kg7 54. Qe8 Qc1+ 55. Kh2 Qf4+ 56. Kg1 Qd6 57. Qc8 Qd1+ 58. Kh2 Qd6+ 59. Kg1 Qc6
60. Qd8 b5 61. c5 Qd5 62. Qc7+ Kg6 63. Qc8 Qd1+ 64. Kh2 Qh5+ 65. Kg1 Qd1+ 66.
Kh2 Qh5+ 67. Kg1 Ng7 68. c6 Qd1+ 69. Kh2 Qh5+ 70. Kg1 Qd1+ 71. Kh2 1/2-1/2

[Event "World Blitz 2025"]
[Site "Doha QAT"]
[Date "2025.12.29"]
[Round "13.31"]
[White "Oro, Faustino"]
[Black "Sevian, Samuel"]
[Result "0-1"]
[WhiteTitle "IM"]
[BlackTitle "GM"]
[WhiteElo "2503"]
[BlackElo "2688"]
[WhiteFideId "20000197"]
[BlackFideId "2040506"]
[EventDate "2025.12.29"]

1. e4 e5 2. Nf3 Nc6 3. Bc4 Bc5 4. d3 Nf6 5. O-O d6 6. c3 a5 7. Nbd2 O-O 8. h3
Ba7 9. Re1 Be6 10. Bb5 Ne7 11. d4 Ng6 12. Nf1 exd4 13. Nxd4 d5 14. exd5 Nxd5 15.
Ne3 c6 16. Bf1 Qf6 17. Ng4 Bxg4 18. Qxg4 Bxd4 19. cxd4 h6 20. Bd2 a4 21. a3 Rad8
22. Rad1 Rd6 23. Re4 Qd8 24. Qf3 Nf6 25. Ree1 Nd5 26. Bd3 Rf6 27. Qg3 Ngf4 28.
Bc2 Qb6 29. Bc1 Qa5 30. Qg4 Ng6 31. Qe4 Rd6 32. Qf3 Rf6 33. Qd3 Rd6 34. Qc4 Ngf4
35. Qxa4 Qd8 36. Bxf4 Nxf4 37. Be4 Qg5 38. Kh2 Rf6 39. Qc4 Nxh3 40. Re2 Nxf2 41.
Rde1 Qh4+ 0-1

[Event "World Blitz 2025"]
[Site "Doha QAT"]
[Date "2025.12.29"]
[Round "13.32"]
[White "Maghsoodloo, Parham"]
[Black "Salinas Herrera, Pablo"]
[Result "1-0"]
[WhiteTitle "GM"]
[BlackTitle "GM"]
[WhiteElo "2708"]
[BlackElo "2473"]
[WhiteFideId "12539929"]
[BlackFideId "3407128"]
[EventDate "2025.12.29"]

1. d4 d5 2. c4 e6 3. Nc3 Nf6 4. Bg5 Nbd7 5. cxd5 exd5 6. e3 Bb4 7. Bd3 c5 8. Ne2
cxd4 9. Nxd4 O-O 10. Rc1 Qa5 11. O-O Re8 12. Ncb5 Rb8 13. a3 Bf8 14. Bf4 Ne5 15.
h3 a6 16. Nc3 Bd7 17. Bb1 Rbc8 18. Bg5 Be7 19. Bf5 h6 20. Bh4 Rcd8 21. Qb3 Bc6
22. Rfd1 Nc4 23. Bd3 Ne5 24. Nf5 Ned7 25. Nxe7+ Rxe7 26. Bf5 Nc5 27. Qc2 Ne6 28.
Bxf6 gxf6 29. Qe2 Ng7 30. Qg4 d4 31. e4 dxc3 32. Rxd8+ Qxd8 33. Rxc3 Kf8 34. Rg3
Re5 35. Qxg7+ Ke7 36. f3 Qd4+ 37. Kh2 Qxb2 38. Qxh6 Rc5 39. Rg8 Qe5+ 40. f4 1-0

[Event "World Blitz 2025"]
[Site "Doha QAT"]
[Date "2025.12.29"]
[Round "13.33"]
[White "Bai, Jinshi"]
[Black "Salem, A.R. Saleh"]
[Result "1/2-1/2"]
[WhiteTitle "GM"]
[BlackTitle "GM"]
[WhiteElo "2599"]
[BlackElo "2635"]
[WhiteFideId "8602280"]
[BlackFideId "9301348"]
[EventDate "2025.12.29"]

1. Nf3 c5 2. c4 Nf6 3. Nc3 d5 4. cxd5 Nxd5 5. g3 Nc6 6. Bg2 Nc7 7. a3 e6 8. O-O
Be7 9. e3 O-O 10. d4 cxd4 11. Nxd4 Bd7 12. Nxc6 Bxc6 13. Bxc6 bxc6 14. Qc2 Nb5
15. Rd1 Qc8 16. Bd2 Rd8 17. Rac1 Qb7 18. Be1 Nxc3 19. Bxc3 Rac8 20. e4 c5 21.
Qe2 h6 22. h4 Bf8 23. h5 a6 24. Rd3 Rxd3 25. Qxd3 Be7 26. Qe2 Rd8 27. Qg4 Bf8
28. Qf3 Be7 29. Qg4 Bf8 30. Re1 Rd3 31. Kg2 Qd7 32. Re2 Rd1 33. Re1 Rd3 34. Re2
c4 35. Re1 Qb7 36. Re2 Qb5 37. Re1 a5 38. Rd1 a4 39. Re1 Qd7 40. Re2 Qb7 41. Re1
Qb5 42. Re2 Qc6 43. Re1 Qd7 44. Re2 Rd1 45. Re1 Rd3 46. Re2 Qb5 47. Re1 1/2-1/2